000
00256nam a22001217a 4500
008
180920b xxu||||| |||| 00| 0 eng d
041
_a
eng
080
_a
610
100
_a
3
101
_a
SHM
245
_a
Medical Dictionary
_c
Stedman's
942
_2
udc
_c
BK
999
_c
48116
_d
48116